Deciduous Trees - Statistics

General Stats
  • This quiz has been taken 11 times
  • The average score is 4 of 10
Answer Stats
Picture Answer % Correct
Oak
100%
Willow
90%
Maple
80%
Birch
70%
Aspen
40%
Beech
30%
Chestnut
10%
Hawthorn
10%
Poplar
10%
Elk
0%
No matching quizzes found
Score Distribution
Percent of People with Each Score
Percentile by Number Answered
Your Score History
You have not taken this quiz